[Event "II Memorial Oliver Gonzalez"]
[Site "Madrid"]
[Date "2011.10.12"]
[Round "5.27"]
[White "Sanchez Lopez, Maria"]
[Black "Cortes Jurado, Rafael"]
[Result "0-1"]
[WhiteElo "1711"]
[BlackElo "2101"]
[PlyCount "76"]
[EventDate "2011.10.08"]

1. d4 Nf6 2. c4 e6 3. Nc3 Bb4 4. Qc2 O-O 5. a3 Bxc3+ 6. Qxc3 b5 7. cxb5 c6 8.
a4 a6 9. bxa6 Bxa6 10. Nf3 Ne4 11. Qc2 d5 12. Nd2 Nd6 13. g3 Qf6 14. Nf3 Ne4
15. Bg2 Rc8 16. Be3 Nd7 17. Ne5 Nxe5 18. dxe5 Qxe5 19. Bxe4 dxe4 20. O-O Rab8
21. Rab1 Qh5 22. Rfe1 c5 23. b3 h6 24. Rb2 Rb4 25. Bd2 Rd4 26. Bc3 Rd5 27. Qxe4
Bb7 28. Qg2 Rcd8 29. Qf1 f5 30. a5 f4 31. e4 Qf3 32. Qb5 Qxc3 33. exd5 Qxe1+
34. Kg2 Bxd5+ 35. f3 fxg3 36. hxg3 Rf8 37. Qd3 Bxf3+ 38. Qxf3 Rxf3 0-1

[Event "II Memorial Oliver Gonzalez"]
[Site "Madrid"]
[Date "2011.10.12"]
[Round "5.28"]
[White "Fernandez Gil, Ruben Carlos"]
[Black "Cerrato Torrijos, Maria"]
[Result "1/2-1/2"]
[WhiteElo "1878"]
[BlackElo "2097"]
[PlyCount "108"]
[EventDate "2011.10.08"]

1. e4 e6 2. d4 d5 3. Nc3 Nf6 4. e5 Nfd7 5. f4 c5 6. Nf3 Nc6 7. Be3 Be7 8. Qd2
O-O 9. dxc5 Bxc5 10. O-O-O Qb6 11. Bxc5 Nxc5 12. Nd4 Bd7 13. h4 f6 14. exf6
Rxf6 15. g4 Qb4 16. f5 e5 17. Nxd5 Qxd2+ 18. Rxd2 Nxd4 19. Nxf6+ gxf6 20. c3
Nf3 21. Rd5 Rc8 22. b4 Ne4 23. Rxd7 Rxc3+ 24. Kb2 Nd4 25. Rh3 Rc2+ 26. Ka3 Nd2
27. Rxd4 exd4 28. Bb5 a6 29. Bd7 Kf8 30. Rd3 Rc3+ 31. Rxc3 dxc3 32. Bc8 b6 33.
Bxa6 Ke7 34. Bd3 h6 35. b5 Nf3 36. Kb4 Nxh4 37. Kxc3 Nf3 38. a4 Kd6 39. Kb4 Ne5
40. Be2 Nd7 41. a5 bxa5+ 42. Kxa5 Ke5 43. Ka6 Nc5+ 44. Kb6 Kd6 45. Ka7 Na4 46.
Bd1 Nc5 47. b6 Ke5 48. Ba4 Kf4 49. Be8 Kxg4 50. Kb8 Kxf5 51. Kc7 Ke5 52. Kc6
Kd4 53. Bg6 Kc4 54. Kd6 Kb5 1/2-1/2

[Event "II Memorial Oliver Gonzalez"]
[Site "Madrid"]
[Date "2011.10.12"]
[Round "5.31"]
[White "Madurga Lopez, Ignacio"]
[Black "Garcia Pichon, Eduardo"]
[Result "0-1"]
[WhiteElo "2057"]
[BlackElo "2283"]
[PlyCount "94"]
[EventDate "2011.10.08"]

1. e4 c5 2. Nf3 d6 3. d4 cxd4 4. Nxd4 Nf6 5. Nc3 a6 6. Bc4 e6 7. Bb3 b5 8. Bg5
Be7 9. Qf3 Qc7 10. e5 Bb7 11. exd6 Bxd6 12. Qe3 Bc5 13. O-O-O Qe7 14. Rhe1 Nbd7
15. Qxe6 fxe6 16. Nxe6 Ra7 17. Nxg7+ Kd8 18. Rxe7 Bxe7 19. Be3 Ra8 20. Nf5 Bb4
21. Bg5 Kc7 22. Bf4+ Kc8 23. a3 Bc5 24. Be6 Re8 25. Bf7 Rd8 26. b4 Bf8 27. Be6
Bc6 28. Bg5 Re8 29. Bf7 Re5 30. Nd4 Rxg5 31. Nxc6 Kc7 32. Nd4 Rxg2 33. Nd5+ Kb7
34. Nxf6 Nxf6 35. Ne6 Rxf2 36. Nd8+ Kb6 37. a4 bxa4 38. c4 Bh6+ 39. Kb1 Rd2 40.
Rf1 Ne4 41. c5+ Kc7 42. Ne6+ Kb7 43. Nf4 Nc3+ 44. Kc1 Bxf4 45. Rxf4 Ne2+ 46.
Kxd2 Nxf4 47. Ke3 Rf8 0-1

[Event "II Memorial Oliver Gonzalez"]
[Site "Madrid"]
[Date "2011.10.12"]
[Round "5.32"]
[White "Pascual Palomo, Lucia"]
[Black "Rodriguez Gomez, Jose"]
[Result "1-0"]
[WhiteElo "2119"]
[BlackElo "1754"]
[PlyCount "99"]
[EventDate "2011.10.08"]

1. e4 e5 2. Nf3 Nc6 3. d4 exd4 4. Nxd4 Be7 5. Nc3 Nf6 6. Nf5 O-O 7. Bd3 d5 8.
exd5 Nxd5 9. Nxd5 Qxd5 10. Nxe7+ Nxe7 11. O-O Be6 12. c4 Qc6 13. Qc2 g6 14. Bh6
Nf5 15. Bxf8 Rxf8 16. b3 b6 17. Rad1 Nh4 18. Be4 Qc5 19. Qc1 Nf5 20. Rfe1 Nd4
21. Qe3 Rd8 22. Bb1 Qd6 23. f4 c5 24. f5 Bxf5 25. Bxf5 gxf5 26. Kf2 Kf8 27. Rd3
Qf6 28. Qe5 Qxe5 29. Rxe5 Rc8 30. Rh3 Kg7 31. Re7 a5 32. Rhe3 Rc6 33. Rb7 Ne6
34. Re5 Kf6 35. Rd5 Ng5 36. Rdd7 Ke6 37. Ke3 Kf6 38. h4 Re6+ 39. Kd3 Ne4 40.
Rxf7+ Ke5 41. Rfe7 Rxe7 42. Rxe7+ Kd6 43. Rxe4 fxe4+ 44. Kxe4 Ke6 45. g4 h6 46.
Kf4 Kf6 47. h5 Ke6 48. g5 hxg5+ 49. Kxg5 Kf7 50. h6 1-0

[Event "II Memorial Oliver Gonzalez"]
[Site "Madrid"]
[Date "2011.10.12"]
[Round "5.33"]
[White "Davicce Cañada, Juan Antonio"]
[Black "Padin Lazaro, Jose Manuel"]
[Result "1-0"]
[WhiteElo "2088"]
[BlackElo "1737"]
[PlyCount "77"]
[EventDate "2011.10.08"]

1. d4 d5 2. c4 e6 3. Nc3 c5 4. cxd5 exd5 5. Nf3 Nc6 6. g3 Nf6 7. Bg2 Be7 8. O-O
O-O 9. Bg5 c4 10. Ne5 Be6 11. Rc1 Qa5 12. Nxc6 bxc6 13. e4 h6 14. Be3 Rab8 15.
Qe2 Nxe4 16. Nxe4 dxe4 17. Bf4 Rb7 18. Bxe4 Qxa2 19. Bb1 Qxb2 20. Qe4 g6 21.
Bxh6 Rd8 22. Rfd1 Rbd7 23. Qe5 Bf8 24. Bxf8 Rxf8 25. Bxg6 fxg6 26. Qxe6+ Rff7
27. Qxg6+ Kf8 28. Qh6+ Kg8 29. Qg6+ Kf8 30. Rc2 Qb3 31. Qh6+ Kg8 32. Re1 Rde7
33. Rxe7 Rxe7 34. Qg6+ Kf8 35. Rc1 Qb4 36. Qf6+ Kg8 37. Kg2 Rf7 38. Qg6+ Kf8
39. Rb1 1-0

[Event "II Memorial Oliver Gonzalez"]
[Site "Madrid"]
[Date "2011.10.12"]
[Round "5.34"]
[White "Lozano Sanchez, Jose Antonio"]
[Black "Dominguez Carmona, Miguel"]
[Result "0-1"]
[WhiteElo "1895"]
[BlackElo "2087"]
[PlyCount "72"]
[EventDate "2011.10.08"]

1. e4 c5 2. Nf3 e6 3. Bc4 a6 4. a4 Nc6 5. Nc3 Nf6 6. d3 d5 7. exd5 exd5 8. Ba2
Be7 9. h3 O-O 10. O-O h6 11. Bf4 Be6 12. Re1 Re8 13. Qd2 Bd6 14. Ne2 b5 15. c3
c4 16. Bxd6 Qxd6 17. dxc4 Ne4 18. Qf4 Qc5 19. Nfd4 bxc4 20. Nxc6 Qxc6 21. Bb1
Bd7 22. Bc2 Rab8 23. Nd4 Qf6 24. Qxf6 Nxf6 25. Rxe8+ Bxe8 26. Rb1 Ne4 27. f3
Nc5 28. a5 Ba4 29. Bxa4 Nxa4 30. Nc6 Rb5 31. Nb4 d4 32. Nxa6 dxc3 33. Nc7 Rxb2
34. Rc1 c2 35. Kf2 Nc5 36. Ke3 Nb3 0-1

[Event "II Memorial Oliver Gonzalez"]
[Site "Madrid"]
[Date "2011.10.12"]
[Round "5.36"]
[White "Mansilla Tolosa, Luis E"]
[Black "Anton Prado, Augusto"]
[Result "1-0"]
[WhiteElo "2064"]
[BlackElo "1833"]
[PlyCount "61"]
[EventDate "2011.10.08"]

1. d4 d5 2. c4 c6 3. Nf3 Nf6 4. e3 Bf5 5. Nc3 e6 6. Qb3 Qb6 7. c5 Qxb3 8. axb3
Be7 9. b4 Nbd7 10. b5 O-O 11. bxc6 bxc6 12. Ra6 Nb8 13. Ra3 Nfd7 14. b4 f6 15.
Nh4 Bg4 16. b5 cxb5 17. Nxb5 Nc6 18. h3 Bh5 19. Nc7 Rab8 20. Nxe6 Rfc8 21. Nf5
Bf8 22. Nxf8 Kxf8 23. Nd6 Rc7 24. g4 Bg6 25. Bg2 Rb1 26. O-O Nb4 27. Bd2 Rxf1+
28. Kxf1 Bd3+ 29. Kg1 a5 30. Bxb4 axb4 31. Rxd3 1-0

[Event "II Memorial Oliver Gonzalez"]
[Site "Madrid"]
[Date "2011.10.12"]
[Round "5.38"]
[White "Tamaslacariu, Ionut"]
[Black "Sanchez Millan, Eduardo"]
[Result "0-1"]
[WhiteElo "1831"]
[BlackElo "2017"]
[PlyCount "68"]
[EventDate "2011.10.08"]

1. c4 Nf6 2. d4 e6 3. Nc3 c5 4. Nf3 d5 5. Bg5 cxd4 6. Nxd4 Be7 7. e3 O-O 8. Bd3
e5 9. Nf5 Bxf5 10. Bxf5 d4 11. Bxf6 Bxf6 12. Nd5 dxe3 13. O-O exf2+ 14. Rxf2
Be7 15. Rf3 g6 16. Qc2 Nc6 17. Rd1 Nd4 18. Rxd4 exd4 19. Qe4 Re8 20. Qg4 Qd6
21. h4 h5 22. Qxd4 Qc5 23. Nf6+ Kh8 24. Qxc5 Bxc5+ 25. Kh2 Re1 26. Bd3 Kg7 27.
Ne4 Bg1+ 28. Kh3 Re8 29. Nd6 R8e7 30. Rg3 Kh6 31. Nxf7+ Kg7 32. Ng5 Bf2 33. Kh2
Bxg3+ 34. Kxg3 R1e3+ 0-1

[Event "II Memorial Oliver Gonzalez"]
[Site "Madrid"]
[Date "2011.10.12"]
[Round "5.39"]
[White "Tirado Parra, Alberto"]
[Black "Baeza Escudero, Javier"]
[Result "0-1"]
[WhiteElo "1914"]
[BlackElo "2012"]
[PlyCount "70"]
[EventDate "2011.10.08"]

1. e4 e5 2. Nf3 Nc6 3. Nc3 Nf6 4. d4 exd4 5. Nxd4 Bb4 6. Nxc6 bxc6 7. Bd3 d5 8.
exd5 cxd5 9. O-O O-O 10. Bg5 c6 11. Na4 Be7 12. h3 Rb8 13. c3 Qd6 14. Be3 Nd7
15. Bxa7 Ra8 16. Be3 c5 17. Bf5 Ra5 18. Re1 d4 19. Bd2 c4 20. Bg4 d3 21. b4
cxb3 22. axb3 f5 23. Bf3 Bf6 24. c4 Re5 25. Ra2 Rfe8 26. Nc3 Nc5 27. Rxe5 Bxe5
28. Nd5 Bb7 29. Bb4 Bd4 30. Rd2 Qg3 31. Bxc5 Bxc5 32. Nf6+ gxf6 33. Bxb7 Qf4
34. Bf3 Bb4 35. Bd5+ Kg7 0-1

[Event "II Memorial Oliver Gonzalez"]
[Site "Madrid"]
[Date "2011.10.12"]
[Round "5.41"]
[White "De Vega Fernandez, Francisco J"]
[Black "Grebstad, Kjell Borre"]
[Result "1-0"]
[WhiteElo "1829"]
[BlackElo "1986"]
[PlyCount "74"]
[EventDate "2011.10.08"]

1. e4 d5 2. exd5 Qxd5 3. Nc3 Qa5 4. d4 Nf6 5. Nf3 Nc6 6. Be2 Bf5 7. a3 O-O-O 8.
O-O e5 9. Bd2 Nxd4 10. Nxd4 exd4 11. Nb5 Qb6 12. Bf4 Nd5 13. Be5 c5 14. b4 a6
15. bxc5 Bxc5 16. Nxd4 Nc3 17. Bg4 Bd7 18. Qd3 Bxg4 19. Qxc3 f6 20. Rab1 Qa7
21. Nb3 Rd5 22. Bd4 b6 23. Bxc5 bxc5 24. Na5 Be2 25. Rb7 Qxb7 26. Nxb7 Kxb7 27.
Rb1+ Kc6 28. Qb3 Rhd8 29. Qb7+ Kd6 30. Qxg7 Ke6 31. Rb6+ R8d6 32. Rxd6+ Rxd6
33. Qg8+ Ke5 34. Qg3+ Kd5 35. h4 Kc6 36. Qe3 Bd1 37. Qe4+ Kb6 1-0

[Event "II Memorial Oliver Gonzalez"]
[Site "Madrid"]
[Date "2011.10.12"]
[Round "5.43"]
[White "Cuadrado Lopez, Francisco Javie"]
[Black "Rottenwoehrer, Christoph"]
[Result "1-0"]
[WhiteElo "1967"]
[BlackElo "1588"]
[PlyCount "87"]
[EventDate "2011.10.08"]

1. e4 c5 2. Nf3 g6 3. Bc4 Bg7 4. c3 Nc6 5. d3 e6 6. Be3 Qb6 7. Qd2 Nge7 8. Na3
a6 9. Rb1 d5 10. Bb3 h6 11. Bc2 Qa5 12. O-O Bd7 13. d4 c4 14. exd5 exd5 15. Bf4
Be6 16. Rfe1 g5 17. Be5 Nxe5 18. Nxe5 Qc7 19. Re2 O-O-O 20. Rbe1 Rdf8 21. Nxf7
Bxf7 22. Rxe7 Qf4 23. Nb1 Re8 24. Qxf4 gxf4 25. Nd2 Rhf8 26. Nf3 Bf6 27. Bf5+
Kb8 28. Rxe8+ Rxe8 29. Rxe8+ Bxe8 30. Be6 Bc6 31. Kf1 Kc7 32. Ke2 Kd6 33. Bc8
Kc7 34. Bh3 Kd6 35. Ng1 b5 36. Kf3 Bg5 37. Bc8 a5 38. Nh3 Bd7 39. Bxd7 Kxd7 40.
Nxg5 hxg5 41. Kg4 b4 42. Kxg5 a4 43. a3 f3 44. gxf3 1-0

[Event "II Memorial Oliver Gonzalez"]
[Site "Madrid"]
[Date "2011.10.12"]
[Round "5.44"]
[White "Sanchez Romero, Ruben"]
[Black "Pablos Tenrero, Raquel"]
[Result "0-1"]
[WhiteElo "1741"]
[BlackElo "1947"]
[PlyCount "92"]
[EventDate "2011.10.08"]

1. e4 e5 2. f4 Bc5 3. Nf3 d6 4. Bc4 Nf6 5. c3 Nc6 6. d3 O-O 7. Qe2 Re8 8. Be3
Bxe3 9. Qxe3 d5 10. Bb3 exf4 11. Qxf4 dxe4 12. O-O exf3 13. Qxf3 Be6 14. Bc2
Bd5 15. Qg3 Re2 16. Rf2 Rxf2 17. Qxf2 Qe7 18. c4 Be6 19. Nc3 Ng4 20. Qf3 Nd4
21. Qxb7 Rd8 22. Bb3 Bc8 23. Qe4 Qxe4 24. Nxe4 Ne5 25. Nc5 g6 26. h3 Bf5 27.
Rd1 Nxb3 28. axb3 Bxd3 29. Kf2 Rd6 30. Ke3 Bc2 31. Rxd6 cxd6 32. Nb7 Bxb3 33.
Kd4 Nxc4 34. Kc3 Ba2 35. b3 Ne3 36. g3 Bb1 37. g4 Be4 38. Nxd6 Bg2 39. Kd4 Nd5
40. h4 Kf8 41. Kc5 Nb6 42. Nb5 Nc8 43. Nd4 Ke7 44. Ne2 Bf3 45. Nf4 Bxg4 46.
Nd5+ Ke6 0-1

[Event "II Memorial Oliver Gonzalez"]
[Site "Madrid"]
[Date "2011.10.12"]
[Round "5.45"]
[White "Gomez Ferrer, Jesus"]
[Black "Calderon Martin, Antonio"]
[Result "1-0"]
[WhiteElo "1942"]
[BlackElo "1728"]
[PlyCount "55"]
[EventDate "2011.10.08"]

1. e4 e5 2. Nf3 Nc6 3. Bc4 Bc5 4. b4 Bxb4 5. c3 Be7 6. Qb3 Nh6 7. d4 Na5 8. Qb5
Nxc4 9. Qxc4 exd4 10. Bxh6 gxh6 11. cxd4 d6 12. Nc3 O-O 13. Rd1 Bg5 14. O-O Be6
15. d5 Bd7 16. e5 a6 17. e6 Bc8 18. Rfe1 Qe7 19. Nd4 fxe6 20. dxe6 Kh8 21. Nd5
Qg7 22. e7 Bxe7 23. Rxe7 Qg5 24. Qd3 Bf5 25. Nxf5 Rxf5 26. Rxc7 Re8 27. Ne3 Rg8
28. Qxf5 1-0

[Event "II Memorial Oliver Gonzalez"]
[Site "Madrid"]
[Date "2011.10.12"]
[Round "5.46"]
[White "Yeves Miquel, Enrique"]
[Black "Garcia Martin, Juan Manuel"]
[Result "1/2-1/2"]
[WhiteElo "1677"]
[BlackElo "1932"]
[PlyCount "116"]
[EventDate "2011.10.08"]

1. d4 Nf6 2. c4 e5 3. dxe5 Ng4 4. Bf4 Nc6 5. Nf3 Bb4+ 6. Nbd2 Qe7 7. e3 Ngxe5
8. Nxe5 Nxe5 9. Be2 O-O 10. O-O Bxd2 11. Qxd2 d6 12. Rfc1 b6 13. Bxe5 Qxe5 14.
Bf3 Rb8 15. b4 Bb7 16. Bxb7 Rxb7 17. Qd5 Rbb8 18. Qxe5 dxe5 19. Rd1 Rfd8 20. e4
f6 21. b5 Kf7 22. Kf1 Ke7 23. Ke2 Rd6 24. Rxd6 cxd6 25. Kd3 a6 26. Rb1 Ra8 27.
Rb2 axb5 28. cxb5 Kd7 29. f3 Ke6 30. Rc2 h5 31. h4 g6 32. Rb2 {(=)} f5 33. Kc3
fxe4 34. fxe4 Ra4 35. Re2 d5 36. exd5+ Kxd5 37. Kb3 Rxh4 38. a4 Rh1 39. Rd2+
Ke6 40. Rc2 Rb1+ 41. Ka2 Rd1 42. Kb3 Rd3+ 43. Kb4 Rd4+ 44. Kb3 g5 45. Rc6+ Rd6
46. Rc2 h4 47. a5 bxa5 48. Ka4 e4 49. Kxa5 Kf5 50. b6 Rxb6 51. Kxb6 e3 52. Kc5
Ke4 53. Kc4 g4 54. Re2 h3 55. gxh3 gxh3 56. Rh2 e2 57. Rxe2+ Kf3 58. Kd3 Kg3
1/2-1/2

[Event "II Memorial Oliver Gonzalez"]
[Site "Madrid"]
[Date "2011.10.12"]
[Round "5.47"]
[White "Pradas Ojeda, Santiago"]
[Black "Fernandez Garcia, Ignacio"]
[Result "0-1"]
[WhiteElo "1585"]
[BlackElo "1932"]
[PlyCount "72"]
[EventDate "2011.10.08"]

1. e4 e6 2. d4 d5 3. Nd2 Nf6 4. e5 Nfd7 5. f4 c5 6. c3 Nc6 7. Ngf3 cxd4 8. cxd4
Qb6 9. Nb3 Bb4+ 10. Bd2 O-O 11. Be2 f6 12. O-O Bxd2 13. Qxd2 fxe5 14. fxe5 Ne7
15. Kh1 Nf5 16. Rac1 Qd8 17. Ng5 Qe8 18. Rf4 h6 19. Nh3 g5 20. Rf2 Nb8 21. Rcf1
Nd7 22. Bb5 Qe7 23. Bxd7 Bxd7 24. Nc5 Bb5 25. Rc1 b6 26. Nb3 Bc4 27. Rc3 Rf7
28. Nc1 Raf8 29. b3 Ba6 30. g4 Nh4 31. Rxf7 Qxf7 32. Ng1 Bf1 33. Rg3 Qf4 34.
Qc3 Qe4+ 35. Nf3 Nxf3 36. a4 Bh3 0-1

[Event "II Memorial Oliver Gonzalez"]
[Site "Madrid"]
[Date "2011.10.12"]
[Round "5.51"]
[White "Campos Palacios, Daniel"]
[Black "Zhynguel Ramirez De Verger, Ale"]
[Result "1-0"]
[WhiteElo "1958"]
[BlackElo "1516"]
[PlyCount "71"]
[EventDate "2011.10.08"]

1. e4 c5 2. Nf3 d6 3. c3 Nf6 4. Be2 Nxe4 5. Qa4+ Nc6 6. Qxe4 g6 7. d4 cxd4 8.
Nxd4 Bg7 9. Nxc6 bxc6 10. Qxc6+ Bd7 11. Qf3 O-O 12. O-O Qb6 13. Qe3 Qc7 14. Na3
a6 15. Re1 e6 16. Qd3 d5 17. Bf3 Qa5 18. Bd2 Qa4 19. Qc2 Qh4 20. g3 Qf6 21. Bg2
Rab8 22. Bf4 Rb6 23. Bc7 Rb7 24. Be5 Qe7 25. Bxg7 Kxg7 26. Bxd5 Rbb8 27. Bg2
Qc5 28. Rad1 Rfd8 29. Qe2 Bb5 30. Nxb5 Rxd1 31. Rxd1 Rxb5 32. c4 Rb4 33. b3 a5
34. Qb2+ Kh6 35. Qf6 Qc7 36. Rd4 1-0

[Event "II Memorial Oliver Gonzalez"]
[Site "Madrid"]
[Date "2011.10.12"]
[Round "5.52"]
[White "Cerrato Torrijos, Javier"]
[Black "Ortega Ruiz, Jose M"]
[Result "0-1"]
[WhiteElo "1683"]
[BlackElo "2266"]
[PlyCount "74"]
[EventDate "2011.10.08"]

1. e4 e5 2. Nf3 Nc6 3. Bc4 Nf6 4. d3 Be7 5. c3 d6 6. Bb3 O-O 7. O-O Na5 8. Bc2
c5 9. Nbd2 b5 10. a3 Nc6 11. b4 a5 12. Rb1 axb4 13. axb4 cxb4 14. cxb4 d5 15.
exd5 Nxd5 16. Bb2 Bf6 17. Ne4 Ndxb4 18. Nxf6+ Qxf6 19. Bxe5 Nxe5 20. Rxb4 Bg4
21. Rxg4 Nxg4 22. d4 Rab8 23. h3 Nh6 24. Qb1 g6 25. Ne5 Rfd8 26. Rd1 b4 27. Bb3
Rb7 28. Qe4 Re7 29. Qc6 Qd6 30. Qf3 Rc8 31. Qf4 Kg7 32. Qd2 Rc3 33. Ba4 Nf5 34.
Qb2 f6 35. Nf3 Rxf3 36. gxf3 Nh4 37. Qb3 Qf4 0-1

[Event "II Memorial Oliver Gonzalez"]
[Site "Madrid"]
[Date "2011.10.12"]
[Round "5.53"]
[White "Peñaranda Grilo, Juan Carlos"]
[Black "Martinez Miura, Enrique"]
[Result "1/2-1/2"]
[WhiteElo "1889"]
[BlackElo "1713"]
[PlyCount "69"]
[EventDate "2011.10.08"]

1. d4 e6 2. Nf3 d5 3. Bf4 Nf6 4. e3 Be7 5. c4 c6 6. Nc3 O-O 7. Qc2 Nbd7 8. Rc1
Nb6 9. c5 Nbd7 10. Bd3 b5 11. cxb6 axb6 12. O-O h6 13. h3 Ba6 14. a3 Bxd3 15.
Qxd3 Ra5 16. e4 dxe4 17. Nxe4 Nxe4 18. Qxe4 c5 19. Rfd1 Nf6 20. Qb7 Nd5 21. Bg3
Qc8 22. Qxc8 Rxc8 23. Ne5 Raa8 24. dxc5 Bxc5 25. Nd3 Be7 26. Nf4 Nxf4 27. Bxf4
Bf6 28. Rxc8+ Rxc8 29. Rd2 Rc1+ 30. Kh2 Rc4 31. Bd6 Rc6 32. Bb4 Be5+ 33. g3 g6
34. Kg2 g5 35. g4 1/2-1/2

[Event "II Memorial Oliver Gonzalez"]
[Site "Madrid"]
[Date "2011.10.12"]
[Round "5.54"]
[White "Bolea Olivan, Jose Angel"]
[Black "Sierra Soria, Maria"]
[Result "1/2-1/2"]
[WhiteElo "1870"]
[BlackElo "1782"]
[PlyCount "99"]
[EventDate "2011.10.08"]

1. a3 e5 2. c4 Nf6 3. e3 Be7 4. b4 d5 5. cxd5 Nxd5 6. Qc2 O-O 7. Bb2 Qd6 8. Nf3
Nd7 9. Nc3 c6 10. Bd3 h6 11. O-O Re8 12. Ne4 Qe6 13. Bc4 Bd6 14. d4 exd4 15.
Nxd6 Qxd6 16. Bxd4 N7f6 17. Bc5 Qc7 18. h3 Bd7 19. Rac1 a5 20. Qb3 axb4 21.
axb4 Bf5 22. Bd4 Qe7 23. Bxf6 Nxf6 24. Nd4 Bg6 25. Ne2 Nd7 26. Nf4 Qf6 27. Nxg6
Qxg6 28. Ra1 Ne5 29. Be2 Red8 30. Rxa8 Rxa8 31. b5 Qe4 32. bxc6 Qxc6 33. Rb1
Rb8 34. Qb5 Qxb5 35. Rxb5 f6 36. f4 Ng6 37. Rb6 Kf8 38. Bf3 Ke7 39. Rxb7+ Rxb7
40. Bxb7 Ke6 41. Kf2 Ne7 42. g4 g5 43. Kg3 Ng8 44. Ba6 Ne7 45. Bc4+ Kd6 46. e4
Ng6 47. fxg5 hxg5 48. Bd5 Ke5 49. Kf3 Nf4 50. Kg3 1/2-1/2

[Event "II Memorial Oliver Gonzalez"]
[Site "Madrid"]
[Date "2011.10.12"]
[Round "5.55"]
[White "Tevar Becerra, Alvaro"]
[Black "Tevar Sanz, Gonzalo"]
[Result "0-1"]
[WhiteElo "1477"]
[BlackElo "1868"]
[PlyCount "58"]
[EventDate "2011.10.08"]

1. e4 e6 2. d4 d5 3. Nc3 Bb4 4. exd5 exd5 5. Nge2 Ne7 6. g3 Bg4 7. Bg2 Nbc6 8.
O-O Qd7 9. Qd3 Bf5 10. Qd1 Bh3 11. a3 Bxg2 12. Kxg2 Bxc3 13. Nxc3 O-O 14. Kg1
Ng6 15. Be3 Nce7 16. Qf3 Qe6 17. Rad1 Qh3 18. Qg2 Qg4 19. Rfe1 Nf5 20. Bc1 Nd6
21. Ne2 Rae8 22. Nf4 Nxf4 23. Bxf4 Rxe1+ 24. Rxe1 Nc4 25. b3 Nxa3 26. f3 Qd7
27. Ra1 Nb5 28. Qe2 a6 29. c4 dxc4 0-1

[Event "II Memorial Oliver Gonzalez"]
[Site "Madrid"]
[Date "2011.10.12"]
[Round "5.56"]
[White "Hernandez Mateo, Borja"]
[Black "Marcos Herrero, Francisco"]
[Result "0-1"]
[WhiteElo "1746"]
[BlackElo "1846"]
[PlyCount "60"]
[EventDate "2011.10.08"]

1. e4 c5 2. Nf3 d6 3. d4 cxd4 4. Nxd4 Nf6 5. Nc3 g6 6. Be3 Bg7 7. f3 Nc6 8. Qd2
O-O 9. O-O-O d5 10. Kb1 Nxd4 11. e5 Nf5 12. exf6 exf6 13. Nxd5 Nxe3 14. Qxe3
Qa5 15. Bc4 Be6 16. Qb3 Rfe8 17. Ne3 Qc5 18. Bxe6 Rxe6 19. Nd5 Rc8 20. Nc3 f5
21. Rd5 Qe7 22. Rhd1 Bxc3 23. bxc3 Rb6 24. Rb5 Qe2 25. Rdd5 Rcc6 26. a4 Qe6 27.
Rd8+ Kg7 28. Qxe6 Rxe6 29. Rd2 a6 30. a5 Rxb5+ 0-1

[Event "II Memorial Oliver Gonzalez"]
[Site "Madrid"]
[Date "2011.10.12"]
[Round "5.57"]
[White "Farre Selma, David"]
[Black "Dierssen Garcia-Barredo, Guille"]
[Result "0-1"]
[WhiteElo "1841"]
[BlackElo "1682"]
[PlyCount "66"]
[EventDate "2011.10.08"]

1. e4 c5 2. Nf3 Nc6 3. b3 d6 4. Bb2 Nf6 5. Nc3 g6 6. Nd5 Bg7 7. Nxf6+ exf6 8.
Bb5 Bd7 9. O-O O-O 10. d4 f5 11. exf5 Bxf5 12. Rb1 Nb4 13. Bd3 Nxd3 14. cxd3
Qa5 15. dxc5 dxc5 16. Bxg7 Kxg7 17. Qe2 Rfe8 18. Qb2+ Kg8 19. d4 Bxb1 20. Rxb1
cxd4 21. b4 Qa6 22. Qb3 Rad8 23. b5 Qe6 24. Qd3 Qxa2 25. h4 Qe2 26. Qb3 Qe6 27.
Qd3 Qf6 28. Ng5 h6 29. Ne4 Qxh4 30. Re1 f5 31. g3 Qe7 32. Qb3+ Kh8 33. Rc1 fxe4
0-1

[Event "II Memorial Oliver Gonzalez"]
[Site "Madrid"]
[Date "2011.10.12"]
[Round "5.58"]
[White "Magan Gonzalez, Alberto"]
[Black "Sierra Bermejo, Gregorio"]
[Result "0-1"]
[WhiteElo "1821"]
[BlackElo "1691"]
[PlyCount "53"]
[EventDate "2011.10.08"]

1. e4 c5 2. Nf3 Nf6 3. Nc3 d6 4. d4 cxd4 5. Nxd4 a6 6. Bg5 e6 7. f4 Be7 8. Qf3
Nbd7 9. O-O-O Qc7 10. g4 b5 11. Bxf6 gxf6 12. Bh3 Bb7 13. Rhe1 Rc8 14. Rd2 Nc5
15. g5 b4 16. Nd5 Qa5 17. Nxe7 Qxa2 18. Kd1 Kxe7 19. gxf6+ Kxf6 20. Qh5 Ke7 21.
Qg5+ Kd7 22. Qg7 Rcf8 23. b3 Qa1+ 24. Ke2 Qc3 25. Bxe6+ Nxe6 26. Nxe6 Kxe6 27.
e5 0-1

[Event "II Memorial Oliver Gonzalez"]
[Site "Madrid"]
[Date "2011.10.12"]
[Round "5.63"]
[White "Rodriguez Diaz, Alberto Jose"]
[Black "Bento Iglesias, Pablo"]
[Result "1/2-1/2"]
[WhiteElo "1978"]
[BlackElo "1389"]
[PlyCount "120"]
[EventDate "2011.10.08"]

1. e4 c6 2. d4 d5 3. exd5 cxd5 4. c4 e6 5. cxd5 exd5 6. Bd3 Nf6 7. Nc3 g6 8.
Nge2 Bg7 9. O-O O-O 10. Bg5 Nc6 11. Rc1 a6 12. Kh1 Qd6 13. Qd2 Be6 14. Bb1 Nd7
15. a3 b6 16. Nd1 Na5 17. Ba2 Rfc8 18. Ne3 Nf6 19. f3 Nc4 20. Nxc4 dxc4 21. Nf4
b5 22. Nxe6 fxe6 23. Rfe1 Nh5 24. Rcd1 Rc6 25. Rxe6 Qxe6 26. d5 Qd7 27. dxc6
Qxc6 28. Bb1 Re8 29. Be4 Qc5 30. Re1 Kh8 31. Qd7 Qe5 32. Bd2 Nf6 33. Qc6 Qxb2
34. Bg5 Qe5 35. Bxf6 Bxf6 36. Rd1 Rd8 37. Rxd8+ Bxd8 38. g3 Qf6 39. Qe8+ Kg7
40. Qd7+ Qe7 41. Qd4+ Qf6 42. Qa7+ Be7 43. Qd7 Qd6 44. Qe8 Qd1+ 45. Kg2 Qe2+
46. Kh3 Qf1+ 47. Kg4 h5+ 48. Kf4 Qc1+ 49. Ke5 Qa1+ 50. Kd5 Qd1+ 51. Kc6 Qd6+
52. Kb7 Bd8 53. Qc6 Qe7+ 54. Kxa6 Qxa3+ 55. Kb7 Qe7+ 56. Kc8 Qg5 57. Bd5 Ba5
58. Qxb5 Qf5+ 59. Kb7 Bd8 60. Bxc4 Qxf3+ 1/2-1/2

[Event "II Memorial Oliver Gonzalez"]
[Site "Madrid"]
[Date "2011.10.12"]
[Round "5.64"]
[White "Arias De Reina Martinez, Fco"]
[Black "De La Orden Alcocer, Alejandro"]
[Result "1-0"]
[WhiteElo "1604"]
[BlackElo "1852"]
[PlyCount "127"]
[EventDate "2011.10.08"]

1. c4 c5 2. g3 Nc6 3. Bg2 g6 4. Nc3 Bg7 5. Nf3 Nf6 6. d3 Rb8 7. O-O a6 8. a4
O-O 9. Rb1 d6 10. Bd2 Ne8 11. Ne1 Nc7 12. Nc2 Bg4 13. h3 Bd7 14. Qc1 Re8 15. b4
cxb4 16. Nxb4 Nd4 17. Qd1 Nce6 18. e3 Nf5 19. d4 Nc7 20. Nd3 Bc6 21. d5 Bd7 22.
c5 Qc8 23. c6 bxc6 24. dxc6 Be6 25. Qc2 d5 26. Ne2 Nd6 27. Nef4 Bf5 28. Nxd5
Nxd5 29. Bxd5 Bxh3 30. Rxb8 Qxb8 31. Rb1 Qc7 32. Nc5 Bc8 33. Bc3 Bxc3 34. Qxc3
Rd8 35. Qb3 e6 36. Bf3 Qe7 37. Nb7 Bxb7 38. cxb7 Rb8 39. Qb4 Qc7 40. Qd4 Nxb7
41. Qa7 a5 42. Rxb7 Rxb7 43. Qxb7 Qc1+ 44. Kg2 Qc3 45. Qb8+ Kg7 46. Qb5 Qe1 47.
Qe5+ Kg8 48. Bc6 Qb4 49. Qc7 h5 50. Qd8+ Kh7 51. Qd4 Qb8 52. Qd2 Qc7 53. Qd7
Qxd7 54. Bxd7 e5 55. f4 exf4 56. exf4 f6 57. Kf2 Kh6 58. Ke3 g5 59. fxg5+ Kxg5
60. Kd4 f5 61. Ke5 Kg4 62. Bxf5+ Kxg3 63. Kd5 Kf4 64. Bc8 1-0

[Event "II Memorial Oliver Gonzalez"]
[Site "Madrid"]
[Date "2011.10.12"]
[Round "5.67"]
[White "Martin Rodriguez, Jose L"]
[Black "Galan Aguado, Fernando"]
[Result "0-1"]
[WhiteElo "1483"]
[BlackElo "1779"]
[PlyCount "108"]
[EventDate "2011.10.08"]

1. e4 e6 2. d4 d5 3. Nc3 dxe4 4. Nxe4 Bd7 5. Nf3 Bc6 6. Neg5 Bd6 7. Bd3 Nd7 8.
Qe2 Ngf6 9. Nxf7 Kxf7 10. Ng5+ Ke8 11. Nxe6 Qe7 12. Nxg7+ Kf7 13. Qxe7+ Bxe7
14. Nf5 Rae8 15. O-O Bf8 16. Bd2 Rg8 17. f3 Nb6 18. Rae1 Rxe1 19. Bxe1 Nfd5 20.
Bg3 Na8 21. c3 Bd7 22. Re1 c6 23. Kf2 Nac7 24. a4 b6 25. Ne3 h5 26. Bxc7 Nxc7
27. Bf5 Bxf5 28. Nxf5 Nd5 29. g3 c5 30. Re5 Ne7 31. Nxe7 Bxe7 32. Rxh5 Kg6 33.
Rd5 cxd4 34. cxd4 Bf6 35. Rd6 Rc8 36. Ke3 Rc2 37. Rd7 a5 38. Rd6 Rxb2 39. h4
Rb4 40. h5+ Kf7 41. d5 Rc4 42. Rxb6 Bd4+ 43. Kd3 Rxa4 44. Ra6 Be5 45. f4 Bf6
46. Ra7+ Kg8 47. Ke3 Bd4+ 48. Ke4 Bxa7+ 49. Ke5 Rd4 50. f5 Rg4 51. d6 Kf7 52.
h6 Rxg3 53. d7 Bb6 54. h7 Rh3 0-1